00888nam a2200241 a 450000100100000000500170001000800410002704000250006804100390009308200130013210000270014524000390017224501410021125000110035226000410036330000210040453400590042550000740048470000290055870000330058704900090062099900170062900002475020200930023339.0110203s1965 sp r 000 0 spa d aDO-SdBNPbspacBNPHU17aspahfre2Código de idiomas MARC ann*bnn*1 aPauwels, Louis.95078210aLe matin des magiciens.lEspañol13aEL retorno de los brujos :bintroducción al realismo fantástico /cLouis Pauwels y Jacques Bergies ; traducción de J. Ferrer Aleu. a4a ed. aBarcelona :bPlaza & Janés,c1965. a483 p. ;c22 cm. aTítulo de la obra original :tLe matin des magiciens aIncluye referencias bibliográficas y notas al pie de las páginas.1 aBergier, Jacques.9507831 aFerrer Aleu, J.,etr.913598 aBNGR c24243d24243